000 01021nac a22002891i 4500
003 EG-ScBUE
005 20250316093509.0
008 250316t1995 maua f b 001 0 eng d
020 _a0201569884
020 _a9780201569889
040 _aEG-ScBUE
_beng
_erda
_cEG-ScBUE
_dEG-ScBUE
082 0 4 _a530.1201
_bESP
_222
100 1 _aEspagnat, Bernard d',
_eauthor.
245 1 0 _aVeiled reality :
_ban analysis of present-day quantum mechanical concepts /
_cBernard d'Espagnat, Universite Paris-Sud, Orsay.
264 1 _aReading, Mass. :
_bAddison-Wesley Pub. Co., Advanced Book Program,
_c[1995]
264 4 _cc1995
300 _axx, 474 pages :
_billustrations ;
_c24 cm.
336 _2rdacontent
_atext
_btxt
337 _aunmediated
_2rdamedia
_bn
338 _avolume
_bnc
_2rdacarrier
490 0 _aFrontiers in physics
504 _aIncludes bibliographical references and index.
650 7 _aQuantum theory.
_2BUEsh
650 7 _aPhysics
_xPhilosophy.
_2BUEsh
655 _vReading book
942 _cBB
_2ddc
999 _c3979
_d3979